[Event "FIDE-Wch k.o."]
[Site "Groningen"]
[Date "1997.12.19"]
[Round "4.3"]
[White "Beliavsky, Alexander G"]
[Black "Short, Nigel D"]
[Result "0-1"]
[WhiteElo "2710"]
[BlackElo "2660"]
[Annotator "Short,N"]
[PlyCount "106"]
[EventDate "1997.12.09"]
[EventType "k.o."]
[EventRounds "7"]
[EventCountry "NED"]
[SourceTitle "CBM 063"]
[Source "ChessBase"]
[SourceDate "1998.03.26"]
[SourceVersion "1"]
[SourceVersionDate "1998.03.26"]
[SourceQuality "1"]

1. d4 {Donev} e6 2. c4 Nf6 3. Nf3 d5 4. Nc3 Be7 {In the first game of the
match I had been somewhat over-exuberant in my choice of opening. Although my
defeat in that wild encounter was not directly attributable to the initial
moves, I was unable to solve the difficult problems which my opponent
continually threw in my direction. Fortunately, my victory in the second game
had given me another breath. It was natural, therefore, that here I should
prefer something more solid and familiar.} 5. Bf4 O-O 6. e3 c5 7. dxc5 Bxc5 8.
a3 Nc6 9. b4 Be7 10. cxd5 Nxd5 11. Nxd5 exd5 {Donev: Auf dem Brett ensteht
eine von die Populerste Mittelspiel Bauernstrukturen - Der Isolierte
Damenbauer! Die dynamische Kraft des isolierten Damenbauern besteht aus
folgenden Faktoren: a) Die offenen oder halboffenen Linien c und e und die
Beherrschung der Zentralfelder und (c4 und e4 für Schwarz) sichern mehr Raum
und eine bequemere und etwas schnellere Entwicklung. (Weiß hat noch nicht
rochiert) b) Kontrolle über das starke Feld e4, daß von einem Springer besetzt
werden kann, und das Raumübergewicht schaffen gute Königsangriffsmöglichkeiten
im Mittelspiel. c) Der Isolani hat eine innere >>Expansionslust<< (Nimzowitsch)
. Sein Vorrücken im passenden Augenblick kann sehr günstige taktische
Möglichkeiten schaffen,oder eine Freibauern besorgen.Genau diese Plan wird von
Short in dieser Partie Musterhaft benützt.} 12. Bd3 {Beliavsky is aiming for a
pull. Black's main difficulty is to decide where to put his pieces and in
particular what to do with the potentially vulnerable d-pawn. I think that I
found a satisfactory set-up.} Bf6 13. Rc1 a6 {b5 must be prevented. Donev:
Verhindert b4-b5 und befestigt damit den Nc6.} 14. O-O Re8 {Flexible,
preserving the option the bishop on g4 or e6. Schwarz spielt sehr schlau. Der
Turm ist sowieso auf der e Linie nützlich, und für den Läufer c8 sind noch
offen die Optionen Bg4 oder Be6.} 15. Bb1 g6 16. Ba2 Be6 17. Qd3 {Donev:
Bereitet Rfd1 vor.} d4 {Equalising comfortably.} 18. Bxe6 Rxe6 19. e4 {The
only way to keep some tension in the position. Donev: Die einzige Möglichkeit,
daß die Stellung nicht zu verflachen droht. Die anderen Fortsetzungen führen
glatt zu Ausgleich.} (19. Rfd1 {Donev} dxe3 20. Bxe3 $11) (19. exd4 {Donev}
Nxd4 20. Nxd4 Qxd4 21. Qxd4 Bxd4 $11) 19... Qe7 20. Nd2 {White's plan is 21.
Bg3 followed by f4. Had I been more ambitiously inclined I would have given
greater consideration here to 20...g5!? After 21.Bg3 Rd8 black is nicely
situated. Donev: Der Plan des Anziehenden besteht nun in Bg3 nebst f2-f4 um
seine Bauernmehrheit am Königsflügel auszunützen.} Be5 21. Bg3 (21. Bxe5 Nxe5
22. Qxd4 Rd8 23. Qe3 Rd3 {Only led to dull equality which Beliavsky was
striving to avoid. White must be careful not to fall for} 24. Qh6 $4 (24. Qe2 {
Donev} Rxa3 $11) 24... g5 $1 {after which he loses a piece.}) 21... Bxg3 22.
hxg3 Ne5 23. Qb3 $2 {[%csl Yd4] A very risky decision. It should be remembered
that the d-pawn can be immensely strong when supported by active black pieces.
Donev: Ein sehr riskanter Zug. Besser wäre den gefährlichen d-Bauern zu nehmen,
wir werden später sehen, was für eine wichtige Rolle der d4 Bauer in dieser
Partie spielen wird.} (23. Qxd4 $142 {Donev} Rd8 24. Qc3 Rc6 25. Qe3 Rd3 $11)
23... Rd8 24. Rc5 d3 25. Rfc1 Nc6 26. Kf1 {Avoiding a potentially nasty fork
on e2.} Red6 27. Qc3 R6d7 28. Re1 Qe6 29. Qc4 {Heading for an endgame which I
could have avoided had I chose (29...Qg4 30.e5 Rd4). However black has no need
to fear anything due to the presence of rooks.} Qxc4 30. Rxc4 Nd4 {Donev: Die
beiden Springer haben unterschiedliche Bedeutungen. Der Weiße steht passiv und
muß den starken d3 Bauer blockieren, der Schwarze ist ausgezeichnet im Zentrum
plaziert und droht mit Nc2.} 31. Rb1 ({Donev: Weiß hat keine Zeit für} 31. g4 {
Donev weil nach} Nc2 32. Rc1 Nxa3 $19 {einen Bauer ohne Kompensation verlieren
würde.}) 31... h5 $1 32. a4 b5 33. axb5 axb5 34. Rc3 Nc2 {The knight proves to
be a real nuisance on this square.} 35. f3 Rd4 $6 (35... Ra7 $1 {was probably
already decisive. The penetration down on a2 is impossible to prevent.}) 36.
Kf2 Ra8 37. Rb2 Ra4 $6 (37... Ra1 $1) 38. Rc5 Ra1 $1 (38... Raxb4 {Donev} 39.
Rxb5 Rxb2 40. Rxb2 Kg7 $11) 39. Rd5 (39. Rxb5 Re1 {is crushing.}) 39... Rd1 $2
(39... Re1 $1 40. Rxd4 Re2+ 41. Kg1 Nxd4 {would have left white without hope
of survival.} (41... Nxd4 {Donev} 42. Ra2 Kg7 $19)) 40. Nb1 $1 Rxb4 {[#]} 41.
Rxb4 $2 {The final mistake. White had to play} (41. Rxb5 $1 {when} d2 {is met
strongly by} 42. Nc3 $1 {A draw would then be in prospect.} ({not} 42. Ke2 $2
Rxb1) (42. Nc3 $1 {Donev} Rxb5 43. Rxb5 Rc1 44. Rb8+ Kg7 45. Ke2 Rg1 $15))
41... Nxb4 42. Rd8+ (42. Nc3 {Donev} Rd2+ 43. Ke3 Rxg2 44. Rxb5 Nc2+ 45. Kxd3 (
45. Kf4 d2 $19) 45... Ne1+ 46. Ke3 Rxg3 $19) 42... Kg7 43. Nc3 Rd2+ 44. Ke3 (
44. Kg1 Nc2 45. Nxb5 Ne3 $19 {[%csl Yg2] would not have helped.}) 44... Rxg2
45. Nxb5 Rxg3 46. Nd6 Nc6 $6 (46... Rg2 {would have ended the excitement.}) 47.
Ne8+ Kf8 48. Rc8 Ne5 49. Kf4 $6 (49. Nc7+ $1 Kg7 50. Kf4 {[%csl Ye5,Yg3]} Rg1 (
50... Rxf3+ $3 {Donev} 51. Kxe5 h4 $19) 51. Ne8+ $1 Kh6 52. Rd8 {and the
resistence continues.}) 49... d2 50. Rd8 d1=Q 51. Rxd1 Rxf3+ 52. Kxe5 Kxe8 53.
Ra1 Kf8 0-1

[Event "New York op"]
[Site "New York"]
[Date "1998.03.17"]
[Round "3"]
[White "Shulman, Yuri"]
[Black "Goldin, Alexander"]
[Result "1-0"]
[WhiteElo "2480"]
[BlackElo "2590"]
[Annotator "Shulman/Kapengut"]
[PlyCount "141"]
[EventDate "1998.03.16"]
[EventType "swiss"]
[EventRounds "9"]
[EventCountry "USA"]
[SourceTitle "CBM 064"]
[Source "ChessBase"]
[SourceDate "1998.06.02"]
[SourceVersion "1"]
[SourceVersionDate "1998.06.02"]
[SourceQuality "1"]

1. d4 d5 2. c4 e6 3. Nc3 Be7 4. Nf3 Nf6 5. Bf4 O-O 6. e3 c5 7. dxc5 Bxc5 8. Qc2
Nc6 9. a3 Qa5 10. O-O-O Be7 11. h4 Rd8 12. g4 Bd7 (12... dxc4 $146 13. Bxc4 Bd7
14. g5 Nh5 15. Bd6 Rac8 16. Be2 Be8 17. Bxe7 Rxd1+ 18. Rxd1 Nxe7 $13 {1/2-1/2
Rustemov,A-Kharitonov,A/Russia ;Inf 68 1996}) 13. Kb1 (13. g5 $6 Nh5 (13... Ne4
14. Nxe4 dxe4 15. Qxe4 Bxa3 $1) 14. cxd5 Nxf4 15. exf4 exd5 16. Rxd5 Qc7 $44)
13... Be8 $5 $146 (13... dxc4 14. Bxc4 Rac8 (14... Be8 $5 15. g5 Nh5 (15... Nd5
$2 16. Nxd5 exd5 17. Bd3 g6 18. h5 $16) 16. Bh2 a6) (14... Nxg4 $6 15. Rhg1 Nf6
16. Rg5 $1 $40) 15. g5 Nh5 16. Bd6 Be8 $5 (16... Bxd6 $5 17. Rxd6 Ne5 18. Nxe5
Qxe5 19. Rd4 (19. Rhd1 Rxc4 20. Rxd7 Rxd7 21. Rxd7 g6 $132) 19... Be8 20. Rhd1
$14) (16... g6 17. Be2 Bxd6 18. Rxd6 Ne7 19. Qb3 (19. Rhd1 $2 Nd5) 19... Bc6
20. Rxd8+ (20. Rhd1 $2 Rxd6 21. Rxd6 Qf5+ 22. Qc2 Bxf3 $19) 20... Rxd8 21. Rd1
Qf5+ 22. Ka1 Rf8 (22... Rxd1+ 23. Qxd1 $16) 23. e4 Qc5 24. Qb4 $1 Qxb4 25. axb4
Nf4 26. Bf1 $16 {Kasparov,G-Ehlvest,J/Novgorod CBM 48 1995}) 17. Bxe7 Nxe7 18.
Rxd8 Rxd8 19. Rd1 Rc8 20. Bb3 Nf5 (20... Qf5 $5 21. Qxf5 Nxf5 22. e4 Ne7 $132)
21. Qd3 (21. e4 Ne7 $5 $132) 21... g6 22. Nd4 Nxd4 $6 (22... Rd8 $5 23. Qe4
Nxd4 24. Rxd4 Bc6 25. Rxd8+ Qxd8 26. Qe5 Qd2 $11) 23. exd4 $1 Bc6 (23... Nf4
24. Qe3 Nd5 25. Nxd5 exd5 26. h5 $36) (23... Qf5 24. Qxf5 gxf5 25. d5 $16) 24.
d5 Nf4 $4 (24... exd5 25. Nxd5 Bxd5 26. Qxd5 Qxd5 27. Rxd5 Rc7 28. Rd4 $16) (
24... Rd8 25. Qf3 exd5 26. Bxd5 Bxd5 27. Rxd5 Rxd5 28. Nxd5 $36) 25. Qd2 $1 {
1-0 Lugovoi,A-Korneev,O/RUS-ch Elista (05) ;CBM 50 1995} (25. Qd2 Nxd5 26. Nxd5
Qxd2 27. Nf6+ Kg7 28. Rxd2 $18)) (13... Rac8 $5 14. g5 Nh5 15. cxd5 Nxf4 16.
exf4 exd5 17. Rxd5 Qc7 18. f5 $40) 14. g5 (14. cxd5 exd5 $5 $132 (14... Nxd5
15. Nxd5 Rxd5 16. Bd3 $14)) 14... Ne4 15. Nxe4 dxe4 16. Nd2 (16. Nd4 $6 Nxd4
17. exd4 Ba4 18. b3 Bc6 $15) 16... Qb6 17. Ka1 (17. Bg2 Bxa3 18. Bxe4 g6 (18...
Be7 19. Bxh7+ Kh8 20. Be4 Nb4 21. Qb3 Qa5 22. Qa3 Qb6 $44) 19. h5 Bf8 20. hxg6
fxg6 21. Bxc6 Bxc6 22. Ne4 Bg7 $13) 17... Na5 18. Be2 (18. Bg2 $6 Rac8 19. Bxe4
Rxd2 $1) 18... Rxd2 $8 19. Rxd2 Nb3+ 20. Ka2 Nxd2 (20... Ba4 $6 21. Rhd1 Nc5
22. Qc3 Bb3+ 23. Kb1 Bxd1 24. Bxd1 $16) 21. Qxd2 a5 (21... Ba4 22. Qc3 a5 23.
b3 Bc6 24. Be5 $14) 22. Be5 $14 (22. b3 e5 $5 23. Bxe5 Bxa3 24. Bxg7 (24. Kxa3
$6 Qc5+ 25. Kb2 Qxe5+ 26. Qd4 Qf5 $1 $36) 24... a4 25. b4 Bxb4 26. Qd4 Bc5 27.
Qb2 Qb3+ 28. Kb1 Qxb2+ 29. Bxb2 Rd8 30. Bc3 Bc6 31. h5 Rd6 $11) (22. Qc2 $5)
22... Ba4 23. Bd4 $6 (23. Qc3 Bb4 24. Bd4 $1 (24. Qc1 Bb3+ $1) 24... Qc7 25.
Qc1 e5 26. Bc3 Be7 27. b3 $14) 23... Bb3+ 24. Kb1 Bc5 25. Qc3 Bxd4 26. exd4 a4
27. Bd1 Bxd1 $6 (27... Rd8 $1 28. Bxb3 axb3 29. Rd1 e5 30. d5 Qxf2 31. Qxb3
$132) 28. Rxd1 Rd8 29. Qb4 Qc6 30. h5 Rc8 {[#] [#]} 31. d5 $1 $16 Qd7 (31...
Qxc4 $6 32. Qxc4 Rxc4 33. dxe6 (33. d6 $6 Rc8 34. Rc1 Rd8 35. Rc7 Kf8) 33...
fxe6 34. Rd8+ Kf7 35. Rd7+ Kf8 (35... Kg8 36. g6 $16) 36. h6 $16) 32. Rd2 $6 (
32. h6 $1 $16) 32... h6 $5 33. gxh6 gxh6 34. Qc3 Kf8 $4 $138 (34... exd5 35.
Qg3+ (35. Rxd5 Qxd5 36. cxd5 Rxc3 37. bxc3 b5 $1 $11) 35... Kh7 36. Rxd5 Qe6
$132) 35. Qf6 exd5 36. Qxh6+ Ke8 37. Rxd5 Qc6 38. Qxc6+ (38. Re5+ $1 Kd7 39.
Qxc6+ Rxc6 40. Rxe4 $18) 38... Rxc6 39. Re5+ Kf8 40. Rxe4 Rc5 41. Rh4 Rf5 42.
f4 (42. c5 Rxc5 43. h6 Kg8 44. Rxa4 Rf5 $1 $16) 42... Rc5 43. h6 Kg8 44. Rg4+
Kh8 45. Rg7 Rf5 46. Kc2 Rxf4 47. Kc3 Rf2 48. Kb4 Rxb2+ 49. Kxa4 Rf2 50. Kb5 f5
51. Kc5 Rb2 52. Rf7 b6+ 53. Kd4 (53. Kc6 $1 Rc2 54. Kxb6 Rxc4 55. Kb5 $18)
53... Rd2+ 54. Kc3 Rf2 55. Rf6 Rf3+ 56. Kd4 Rxa3 57. Rxb6 Ra1 58. Rf6 Rd1+ 59.
Ke5 Rc1 60. Rc6 Rf1 61. Rc7 f4 62. c5 f3 63. Kf4 f2 64. Kf3 Rh1 65. Kxf2 Rxh6
66. Ke3 Kg8 67. Kd4 Kf8 68. c6 Ke8 69. Rc8+ Ke7 70. Kc5 Rh1 71. Kb6 1-0

[Event "FIDE-Wch k.o."]
[Site "New Delhi/Teheran"]
[Date "2000.11.29"]
[Round "1.5"]
[White "Tregubov, Pavel V"]
[Black "Rustemov, Alexander"]
[Result "1-0"]
[WhiteElo "2620"]
[BlackElo "2534"]
[Annotator "Solozhenkin,E"]
[PlyCount "117"]
[EventDate "2000.11.27"]
[EventType "k.o."]
[EventRounds "7"]
[EventCountry "IND"]
[SourceTitle "CBM 081"]
[Source "ChessBase"]
[SourceDate "2001.03.20"]
[SourceVersion "1"]
[SourceVersionDate "2001.03.20"]
[SourceQuality "1"]

1. d4 {Dautov} d5 2. c4 e6 3. Nf3 Nf6 4. Nc3 Be7 5. Bf4 O-O 6. e3 c5 7. dxc5
Bxc5 8. cxd5 Nxd5 9. Nxd5 exd5 10. a3 Nc6 11. Bd3 Bb6 12. O-O Bg4 13. h3 Bh5
14. b4 a6 {Dautov: 'Genauer ist wahrscheinlich 14...Re8.'} ({This move is
probably an inaccuacy in comparison with regular} 14... Re8 {The point is that
now after} 15. Be2 {[%cal Gd5d4] Black realizes the standard} d4 16. b5 (16.
Nxd4 $2 Bxd4) (16. g4 Bg6 17. b5 $2 d3) (16. exd4 Rxe2 17. Qxe2 Nxd4 18. Qe4 f5
19. Qxb7 Bxf3 20. gxf3 Ne2+ $19) 16... Ne7 (16... dxe3 $5 {deservs serious
attention because after} 17. bxc6 exf2+ 18. Kh1 bxc6 19. Bg3 Qf6 20. Ra2 (20.
Bxf2 $2 Rad8 21. Qe1 Bxf3 22. gxf3 Qe6 23. Bxb6 Qxh3+ 24. Kg1 Rd6 $19) 20...
Rad8 21. Rd2 Rxd2 22. Qxd2 Qe6 23. Nd4 (23. Bd1 Qc4) 23... Qe3 24. Qxe3 Rxe3
25. Bxh5 Rxg3 {[%csl Gf2] Black keeps the dangerous f2-pawn which
discoordinates white pieces.}) 17. exd4 Nd5 18. Bg5 Qd6 19. Qd2 Rac8 {. Black
shoud have the complete compensation for the blocked pawn here.}) 15. Be2 $1 {
'!?' Dautov. This move was introduced by Alexei Dreev against Murrey Chandler
in Hastings-2000. Also it is necessary to point out that the main idea
concerning with the manouver Ra1-a2-d2 occured one year before in
Dziuba-Dubiel (POL-tch), where White developed his bishop on e2 in one go. 
Dautov: 'Eine Idee von A.Dreev. Weiß wappnet sich gegen den Vorstoß d5-d4.'}
Re8 $2 {Passive play in this variation should inexorably lead to the difficult
boaring defence. The only way to have a reasonable game consists in pawn sac
d5-d4.} (15... d4 16. exd4 Qd5 $1 (16... Bxf3 17. Bxf3 Qxd4 18. Be3 $1 Qxd1 19.
Rfxd1 Bxe3 20. fxe3 $14 {Dreev-Chandler} (20. fxe3 {Dautov} Rfe8 21. Kf2 Re7
22. Bxc6 bxc6 23. Rd6 Rc8 24. Rc1 Rec7 25. Rc5 Kf8 26. e4 $16 {Dreev,
A-Chandler,M/Hastings 2000})) 17. Be3 Rad8 $44) 16. Ra2 {'!' Dautov.} (16. Rb1
$6 {Dautov} Bg6 17. Rc1 d4 18. exd4 Nxd4 19. Nxd4 Qxd4 20. Qxd4 Bxd4 21. Bf3
Be4 $11 {Tregubov,P-Rustemov,A/New Delhi 2000}) 16... Bg6 {'?!' Dautov. Dautov:
'Im weiteren Verlauf der Partie wird Schwarz mit dem Rücken zur Wand stehen
müssen, deswegen soll man sich die Alternative 16...Qd7 näher anschauen.'} (
16... d4 {does not work now, because after} 17. Nxd4 Bxd4 {White's rook is not
more hanging.}) (16... Qd7 {Dautov} 17. Ne5 (17. Rd2 Rad8 $11) 17... Nxe5 18.
Bxh5 Nc4 19. Bf3 Rad8 20. Qb3 Bc7 21. Rd1 Bxf4 22. Rxd5 Qc7 23. Rc5 Na5 24.
Rxc7 Nxb3 25. exf4 Nd2 26. Ra1 Nxf3+ 27. gxf3 $14 {1/2-1/2 Spassov,L-Georgadze,
T/Bulgaria 1981}) 17. Rd2 Be4 (17... Ne7 $5 18. Ne5 Be4 19. Bf3 Bxf3 20. Qxf3
f6 21. Nd3 Rc8 22. Bh2 Rc3 23. Nf4 $14) 18. Ng5 $1 Qf6 19. Nxe4 dxe4 20. Rd7
$14 {If heavy pieces are off the board, the endgame is clearly better for
White. Besides the advantage of two bishops White has a chance to profit the
the potential weakness of the e4-pawn, so the evaluation of this position will
raise from +/= to +/-.  Dautov: 'Zwei aktive weiße Läufer, der schwache Bauer
e4 sprechen hier eine klare Sprache. Es gehr nur darum, ob Schwarz Remis
halten kann.'} Re7 (20... Rad8 {Dautov} 21. Qd5 Rxd7 22. Qxd7 Qe7 23. Rd1 $14)
21. Bc4 Rae8 (21... Ne5 $2 22. Rd6 $18) (21... Rd8 $6 {Dautov} 22. Rxd8+ Bxd8
23. Qg4 $16 {><c8}) 22. Qd5 Rxd7 $6 ({I think} 22... h6 $5 {keeping queens and
the pair of rooks was better practical chance as if White must count the
counterplay based on the black queen's penetration at c3 or b2.}) 23. Qxd7 Qe7
24. Qxe7 (24. Rd1 $5 Rd8 25. Qg4) 24... Rxe7 $2 (24... Nxe7 $1 {controlling
the key d5-square embarrassed the task of White. Here are approximate
variations:} 25. Rd1 (25. Rc1 Rc8 26. Bd6 Nf5) (25. Bd6 g6 (25... Nf5 26. Bc5
Bxc5 27. bxc5 $16)) 25... Rd8 (25... Rc8 $2 {Dautov} 26. Rd7 $16) 26. Rxd8+
Bxd8 27. g4 {'+/=' Dautov. Dautov: '><e4'} (27. Bg5 Kf8 28. Bxe7+ Bxe7 29. Bd5
b6 30. Bxe4 a5 $11) 27... a5 28. bxa5 Bxa5 29. a4 (29. Bb3 b5) 29... Kf8 30.
Bb3 Ke8 31. Bc2 Nd5) 25. Rd1 $16 {Now Black is paralised for free.} h6 (25...
Nd8 26. Bg5 $18) (25... Bc7 26. Bg5 $18) (25... g6 $5) 26. Kf1 g5 $2 {It is
simple to understand the wish of Black to improve the position of his king,
but after the retreat of the bishop following by g2-g4 the e4-pawn is cut off
the black's pawn chain and the position becomes undefendable.} ({The last
chance was to play terribly worse but not lost position after} 26... a5 $16) (
26... Re8 27. Bd5 $16) (26... Bc7 {Dautov} 27. Bxc7 Rxc7 28. Bd5 Rd7 29. Ke2
$16) 27. Bh2 Kg7 28. g4 $1 {[%csl Ge4] Dautov: 'Fixiert die Schwäche auf e4.'}
Bc7 $2 {loses the unhappy e4-pawn, but it is difficult to give an advice.} ({If
} 28... Nd8 {than} 29. Ke2 Ne6 30. Bd6 Re8 31. Be5+ {and 32.Rd7.}) ({In case of
} 28... Kg6 29. Ke2 {there is no} Nd8 {because of} 30. Rd6+) 29. Bxc7 Rxc7 30.
Bd5 $18 {'+/-' Dautov.} Ne5 (30... Re7 31. Bxc6 bxc6 32. Rc1 $18 {'+/-' Dautov.
}) 31. Bxe4 Nc4 32. Rd3 b5 33. Ke2 Ra7 34. Bd5 Ne5 35. Rc3 Rd7 36. Bb3 {
'+-' Dautov.} Rd6 37. Rc5 Nc6 38. Rf5 Rd7 39. Rd5 $1 Ra7 40. Rc5 Ne7 41. f4
gxf4 42. exf4 Ng6 43. Kf3 a5 44. bxa5 Rxa5 45. a4 Ra7 46. Rxb5 Ne7 47. Ke4 Rc7
48. a5 Ra7 49. Rc5 Rb7 50. Bc4 f5+ 51. gxf5 Rb1 52. a6 Ra1 53. Ke5 Re1+ 54. Kd6
Kf6 55. a7 Ra1 56. Rc7 Rxa7 57. Rxa7 Nc8+ 58. Kc5 Nxa7 59. Be6 {White's
technique was perfect in the final stage.} 1-0